000 00816nam a2200217Ia 4500
003 GCL
008 140319s9999 xx 000 0 ara d
040 _aGCL /
_cGCL
082 0 4 _aق
_b932
_bف ن
100 1 _aماهر جويجاتى
245 1 0 _aالناس والحياة فى مصر القديمة /
_cماهر جويجاتى
700 1 _aزكية طبوزادة
700 1 _aفالبيل، دومينيك
260 _aالقاهرة :
_bدار الفكر للدراسات والنشر والتوزيع ،
_c1989
300 _a174 ص ؛
_c16 سم
490 _aكتاب الفكر
_v14
650 0 4 _aالحضارة الفرعونية
650 0 4 _aمصر القديمة - الاحوال الاجتماعية
650 0 4 _aمصر القديمة - العادات والتقاليد
942 _2ddc
_cBK
999 _c46759
_d46759